000 01104nam a22003014c 4500
003 AR-BaSMT
008 240627t2022 enka|||ar|||| 000 1 ing d
020 _a9781474964456
040 _aBSGB
_bespañol
_erda
041 0 _aing
_hInglés
080 _a82-34
100 1 _aCowan, Laura
_9483
245 1 0 _aSpider's Tug of War
264 _aLondres :
_bUsborne,
_c2022
300 _a24 páginas ;
_bilustraciones color
336 _2rdacontent
_atexto
_btxt
337 _2rdamedia
_asin mediación
_bn
338 _2rdacarrier
_avolumen
_bnc
490 _aUsborne English Readers Starter Level
500 _aWith activities and free audio
520 _aAnansi is king of the spiders: he may be small, but he's very clever. One day, offended that Elephant hardly even notices him, he challenges her to a tug of war. How can a tiny spider win against the mighty Elephant, or against the determined Rhino?
521 _aPrimaria
650 7 _98
_aLITERATURA INFANTIL
_vInglés
650 7 _923
_aCUENTO
700 1 _aFumagalli, Simone
_eIlustrador
_9492
942 _2ddc
_aBOOK
999 _c656
_d656